Loading...
| History - World History | 0 | 5 | 1 | 1 | 45 | 50 | 84.80 | 0 | 2 |
| Fine Arts - Classical Music | 0 | 4 | 1 | 2 | 35 | 21 | 96.75 | 0 | 1 |
| Social Science | 0 | 4 | 1 | 1 | 35 | 89 | 108.25 | 0 | 0 |
| History - American History | 0 | 4 | 1 | 1 | 35 | 84 | 114.25 | 0 | 0 |
| History - European History | 0 | 3 | 1 | 0 | 25 | 65 | 95.00 | 1 | 2 |
| Literature - World Literature | 0 | 2 | 0 | 1 | 20 | 64 | 102.00 | 0 | 1 |
| Fine Arts - Other Fine Arts | 0 | 2 | 0 | 2 | 20 | 132 | 136.00 | 0 | 0 |
| Current Events | 0 | 2 | 1 | 0 | 15 | 100 | 102.50 | 0 | 0 |
| Literature - American Literature | 0 | 1 | 0 | 0 | 10 | 102 | 102.00 | 0 | 0 |
| Literature - European Literature | 0 | 1 | 0 | 0 | 10 | 75 | 75.00 | 0 | 1 |
| Philosophy | 0 | 1 | 0 | 0 | 10 | 108 | 108.00 | 0 | 0 |
| Religion | 0 | 1 | 0 | 0 | 10 | 107 | 107.00 | 0 | 0 |
| Science - Other Science | 0 | 1 | 0 | 0 | 10 | 97 | 97.00 | 0 | 0 |
| Painting & Sculpture | 0 | 1 | 0 | 1 | 10 | 148 | 148.00 | 0 | 0 |
| Any History | 0 | 2 | 3 | 2 | 5 | 115 | 121.50 | 0 | 0 |
| Geography | 0 | 1 | 1 | 0 | 5 | 81 | 81.00 | 0 | 1 |
| Other Academic | 0 | 1 | 2 | 1 | 0 | 139 | 139.00 | 0 | 0 |